Statistics for 2017 PDC pro tour- tour card holders

Click here to take the quiz!

General Stats

  • This quiz has been taken 10 times
  • The average score is 66 of 128

Answer Stats

CountryAnswer% Correct
NetherlandsMichael Van Gerwen
86%
SpainCristo Reyes
86%
BelgiumRonny Huybrechts
86%
EnglandJoe Cullen
86%
ScotlandGary Anderson
86%
ScotlandJohn Henderson
86%
NetherlandsVincent Van Der Voort
86%
EnglandDennis Smith
86%
EnglandRoss Smith
86%
EnglandMervyn King
86%
Northern IrelandDaryl Gurney
86%
EnglandScott Taylor
86%
GermanyMax Hopp
86%
EnglandAlan Norris
86%
AustraliaSimon Whitlock
86%
WalesJamie Lewis
86%
NetherlandsBenito Van De Pas
86%
EnglandIan White
86%
BelgiumKim Huybrechts
86%
AustriaRowby John Rodriguez
86%
EnglandMichael Smith
86%
NetherlandsRaymond Van Barneveld
86%
NetherlandsJelle Klaasen
86%
AustriaMensur Suljovic
86%
EnglandDave Chisnall
86%
EnglandPhil Taylor
86%
EnglandJames Wade
86%
EnglandAdrian Lewis
86%
ScotlandPeter Wright
86%
AustraliaKyle Anderson
86%
AustriaMaik Langendorf
71%
WalesJonny Clayton
71%
EnglandAndy Jenkins
71%
GreeceJohn Michael
71%
SpainAntonio Alcinas
71%
GermanyMartin Schindler
71%
NetherlandsChristian Kist
71%
LatviaMadars Razma
71%
EnglandTerry Jenkins
71%
EnglandStephen Bunting
71%
EnglandDarren Webster
71%
EnglandJamie Caven
71%
WalesGerwyn Price
71%
ScotlandRobert Thornton
71%
EnglandAndrew Gilding
71%
EnglandSteve Beaton
71%
WalesMark Webster
71%
Northern IrelandBrendan Dolan
71%
EnglandRob Cross
57%
IrelandWilliam O'Connor
57%
EnglandJustin Pipe
57%
EnglandRobbie Green
57%
IrelandMick McGowan
57%
NetherlandsJeffrey De Graaf
57%
EnglandJoe Murnan
57%
WalesRichie Burnett
57%
EnglandDarren Johnson
57%
AustraliaPaul Nicholson
57%
EnglandAndy Hamilton
57%
BelgiumDimitri Van Den Bergh
57%
South AfricaDevon Petersen
57%
CanadaJohn Norman
57%
EnglandSteve West
57%
Hong KongTing Chi Royden Lam
43%
WalesRobert Owen
43%
EnglandRitchie Edhouse
43%
EnglandRonnie Baxter
43%
EnglandChris Quantock
43%
Northern IrelandMichael Mansell
43%
EnglandRyan Searle
43%
NetherlandsJimmy Hendriks
43%
BelgiumMike De Decker
43%
IndiaPrakash Jiwa
43%
CanadaJohn Part
43%
NetherlandsJan Dekker
43%
NetherlandsYordi Meeuwisse
43%
EnglandRicky Evans
43%
NetherlandsVincent Kamphuis
43%
EnglandWes Newton
43%
FinlandKim Viljanen
43%
EnglandJosh Payne
43%
EnglandJames Wilson
43%
ScotlandJim Brown
29%
EnglandRichard North
29%
NetherlandsJeffrey De Zwaan
29%
EnglandStephen Burton
29%
NetherlandsDirk Van Duijvenbode
29%
EnglandAden Kirk
29%
EnglandRoss Twell
29%
EnglandAndy Boulton
29%
EnglandKirk Shepherd
29%
NetherlandsJermaine Wattimena
29%
ScotlandJamie Bain
29%
EnglandTerry Temple
29%
IrelandSteve Lennon
29%
EnglandLee Bryant
29%
EnglandJames Richardson
29%
EnglandDavid Pallett
29%
EnglandBrian Woods
29%
NetherlandsSven Groen
29%
EnglandRicky Williams
29%
EnglandDarron Brown
29%
NetherlandsBerry Van Peer
29%
EnglandMark Walsh
29%
EnglandJohn Bowles
29%
EnglandKeegan Brown
29%
ScotlandMark Barilli
29%
EnglandChris Dobey
29%
EnglandTed Evetts
29%
EnglandSimon Stevenson
29%
EnglandSteve Hine
14%
EnglandPaul Rowley
14%
EnglandKevin Painter
14%
EnglandMatt Clark
14%
EnglandTony Newell
14%
EnglandAndy Parsons
14%
Northern IrelandRay Campbell
14%
EnglandHarry Robinson
14%
NetherlandsDick Van Dijk
14%
NetherlandsRon Meulenkamp
14%
EnglandRyan Palmer
14%
EnglandMatthew Dennant
14%
EnglandShaun Griffiths
14%
WalesJonathan Worsley
14%
EnglandRichie Corner
14%
EnglandRyan Meikle
14%
EnglandSimon Preston
14%
EnglandScott Darbyshire
0%

Score Distribution

Percentile by Number Answered

Percent of People with Each Score

Your Score History

You have not taken this quiz